Electronic computers and informatics. 2000 : Proceedings of the 4th internat. scientific conf., Herľany, Sept. 28 - 29, 2000 /

Uloženo v:
Podrobná bibliografie
Hlavní autor: Jelšina, Milan, 1934-2006
Korporativní autor: Proceedings of the 4th internat. scientific conf
Další autoři: Hudák, Štefan, Kollár, Ján 1954-
Médium: Konferenční příspěvek Kniha
Jazyk:angličtina
Vydáno: Košice : Vienala Press, 2000
Vydání:[1st ed.]
Témata:
ISBN:8088922259
On-line přístup: Získat plný text
Tagy: Přidat tag
Žádné tagy, Buďte první, kdo vytvoří štítek k tomuto záznamu!

MARC

LEADER 00000nam a2200000 4500
003 SK-BrCVT
005 20250703102701.0
008 001104s2000 xo e ||||||eng d
020 |a 8088922259 
035 |a CVTIDW0956329 
040 |b slo  |a CVTI SR 
041 0 |a eng 
044 |a xo 
080 |a 004  |2 UDC-MRF 
080 |a 621.38/.39  |2 UDC-MRF 
100 1 |a Jelšina, Milan,  |d 1934-2006 
111 0 |a Proceedings of the 4th internat. scientific conf.  |n (Herľany)  |f Sept. 28 - 29, 2000 
242 1 0 |a Zborník zo 4. medzinárodnej vedeckej konferencie. Elektronické počítače a informatika. 2000 
245 1 0 |a Electronic computers and informatics. 2000 :  |b Proceedings of the 4th internat. scientific conf., Herľany, Sept. 28 - 29, 2000 /  |c Authors: Milan Jelšina, Štefan Hudák, Ján Kollár and Co. 
250 |a [1st ed.] 
260 |a Košice :  |b Vienala Press,  |c 2000 
300 |a 317 s., príl. :  |b fotogr., grafy, lit., obr., tab. ; 
653 1 |a programovací jazyk  |a modelovanie  |a simulovanie systému  |a počítačová grafika  |a sieť  |a virtuálna realita 
700 1 |a Hudák, Štefan 
700 1 |a Kollár, Ján  |d 1954-, 
910 |b A575368 
919 |a 80-88922-25-9 
974 |f Knihy  |b Jana Rakovická 
992 |a AZN 
999 |c 120353  |d 120353